| 000 | 00671cam a2200181ua 4500 | ||
|---|---|---|---|
| 020 | _c1.00 | ||
| 041 |
_aeng _h |
||
| 082 |
_a621.384 _bGER/AB |
||
| 110 | 1 |
_aGernsbacks educational library . _b _c() |
|
| 245 |
_aAbout aerials / _cGernsbacks educational library. _hTextual Documents |
||
| 260 |
_a : _bKiran Publications. |
||
| 300 | _a32 ; . | ||
| 362 | 0 | _aPart 1- | |
| 365 | _a1.00 | ||
| 504 | _a | ||
| 942 | _cBK | ||
| 999 |
_c9123 _d9123 |
||